| 000 | 00428nam a22001457a 4500 | ||
|---|---|---|---|
| 005 | 20251108165540.0 | ||
| 008 | 250721s1973 xx 000 0 ara d | ||
| 082 | 1 | 4 | _aط/609/ديز |
| 245 | 1 | 0 | _aديزني و عالمه العجيب من المعرفه / |
| 264 | 1 |
_aجنيف : _bأديتديد، _c1973. |
|
| 300 | _a123ص :مصور بالألوان | ||
| 650 | 1 | 7 | _aالإختراعات |
| 942 |
_2ddc _cBK |
||
| 999 |
_c30505 _d30505 |
||